000 01027nam a22002297a 4500
005 20250501163046.0
008 250501b |||||||| |||| 00| 0 eng d
020 _a978-93-91119-10-2 (hbk)
037 _cTB
040 _aCRL
_cCRL
041 _2hin
_ahin
084 _aO152,3M80:g R2
100 _aलिल्हारे, पायल
_9753711
245 _aप्रेमचंद का कथा साहित्य:
_bविविध आयाम
260 _aकानपुर, भारत:
_bवान्या पब्लिकेशन्स,
_c2022.
300 _a448पृ0
365 _b1350.00
_cINR
650 _aहिन्दी कहानी
650 _aहिन्दी साहित्य
942 _2CC
_cTB
_hO152,3M80:g R2
_n0
999 _c1309914
_d1309914